| 000 | 00913nam a22002417a 4500 | ||
|---|---|---|---|
| 999 |
_c19898 _d19898 |
||
| 003 | AR-CdUCM | ||
| 008 | 190523b ||||| |||| 00| 0 spa d | ||
| 040 |
_aMUNICIPALIDAD PROVINCIAL DEL CUSCO _cBIBLIOTECA MUNICIPAL DEL CUSCO |
||
| 041 | _hfre | ||
| 082 |
_a372.5 / _bF97 |
||
| 100 |
_aFurter, Pierre _940865 |
||
| 245 |
_aLa vida moral del adolescente : _bBases de una pedagogía para la juventud contemporánea / |
||
| 260 |
_aBuenos Aires : _bEl Ateneo, _c1968 |
||
| 300 |
_a261 páginas _c23 cm. |
||
| 440 |
_a''Biblioteca nuevas orientaciones de la educación" _910698 |
||
| 505 | _aContenido: La adolescencia escolar -- La importancia de la adolescencia -- La adolescencia escolar y la pedagogía... | ||
| 650 |
_aPedagogía _91560 |
||
| 650 |
_aEmoción _9954 |
||
| 650 |
_aConciencia _911784 |
||
| 700 |
_aGarcía Canclini, Néstor _941605 |
||
| 942 |
_2ddc _cLIBROS |
||
| 945 |
_aJavier _d2019-05-23 |
||